000
00308nam a22001457a 4500
008
180813b xxu||||| |||| 00| 0 eng d
020
_a
9780538423298
041
_a
eng
080
_a
94
082
_a
94
100
_a
16
101
_a
HIS
245
_a
World History
_c
Spielvogel,J.J
942
_2
udc
_c
BK
999
_c
47049
_d
47049